Hình thành kĩ năng tự học môn Toán cho học sinh thông qua dạy học đạo hàm : Luận văn thạc sĩ khoa học giáo dục: Chuyên ngành: Lý luận và phuơng pháp dạy học bộ môn Toán
Đề ra một số biện pháp sư phạm để hình thành kĩ năng TH môn Toán cho học sinh THPT, vận dụng vào dạy học chuơng đạo hàm sách giáo khoa Đại số và giải tích 11
保存先:
| 第一著者: | |
|---|---|
| フォーマット: | 図書 |
| 言語: | Undetermined |
| 出版事項: |
Cần Thơ
Đại học Cần Thơ
2013
|
| 主題: | |
| タグ: |
タグ追加
タグなし, このレコードへの初めてのタグを付けませんか!
|
| Thư viện lưu trữ: | Trung tâm Học liệu Trường Đại học Cần Thơ |
|---|
| LEADER | 01176nam a2200241Ia 4500 | ||
|---|---|---|---|
| 001 | CTU_183117 | ||
| 008 | 210402s9999 xx 000 0 und d | ||
| 082 | |a 510.712 | ||
| 082 | |b L406 | ||
| 088 | |a 60140111 | ||
| 100 | |a Nguyễn, Thị Loan | ||
| 245 | 0 | |a Hình thành kĩ năng tự học môn Toán cho học sinh thông qua dạy học đạo hàm : | |
| 245 | 0 | |b Luận văn thạc sĩ khoa học giáo dục: Chuyên ngành: Lý luận và phuơng pháp dạy học bộ môn Toán | |
| 245 | 0 | |c Nguyễn Thị Loan ; Võ Thành Phước (Nguời huớng dẫn khoa học) | |
| 260 | |a Cần Thơ | ||
| 260 | |b Đại học Cần Thơ | ||
| 260 | |c 2013 | ||
| 520 | |a Đề ra một số biện pháp sư phạm để hình thành kĩ năng TH môn Toán cho học sinh THPT, vận dụng vào dạy học chuơng đạo hàm sách giáo khoa Đại số và giải tích 11 | ||
| 650 | |a Toán học,Mathematics | ||
| 650 | |x Dạy và học,Study and teaching | ||
| 904 | |i Tôn Trúc Quân | ||
| 910 | |a Nguyên | ||
| 980 | |a Trung tâm Học liệu Trường Đại học Cần Thơ | ||